• 首页
  • 本馆介绍
  • 公告通知
  • 最新文献
  • 馆藏检索
  • 电子资源
  • 读者导购
  • 参考咨询
  • 我的图书馆
  • 登录
  • 详细信息显示
  • 放入我的书架
  • 预约/预借图书
  • 作者相关作品
  • 分类相关作品
  • 丛书相关作品
  • 出版社相关作品

书目信息

  • 表格格式
  • 工作单格式
  • 卡片格式
题名:
摩托车维修技术
    
 
作者: 本书编写组编
分册:  
出版信息: 北京   人民邮电出版社  1996
页数: 455页
开本: 26cm
丛书名:
单 册:
中图分类: U483
科图分类: 87.3892
主题词: 摩托车--维修--电视教育--教材
电子资源:
ISBN: 7-115-06052-5
000 00616nam0 2200217 45
001 0196036521
005 20070608150509.18
010    @a7-115-06052-5@dCNY30.00
100    @a19960808d1996 em y0chiy0121 ea
101 0  @achi
102    @aCN@b110000
105    @ay z 000yy
200 10 @a摩托车维修技术@AMO TUO CHE WEI XIU JI SHU@f本书编写组编@FBEN SHU BIAN XIE ZU BIAN
210    @a北京@c人民邮电出版社@d1996@h1998
215    @a455页@d26cm
300    @a中央电视台教育节目用书
606    @a摩托车@x维修@x电视教育@x教材
690    @aU483
692    @a87.3892
801  0 @aCN@bTSSF@c20070608
905    @a10447@dU483@e152
    
    摩托车维修技术/本书编写组编.-北京:人民邮电出版社,1996(1998)
    455页;26cm
    中央电视台教育节目用书
    
    ISBN 7-115-06052-5:CNY30.00
    
●
相关链接 在E读中查询图书 在五车中查询图书 在当当中查询图书 在豆瓣中查询图书


正题名:摩托车维修技术     索取号:U483/152         预约/预借

序号 登录号 条形码 馆藏地/架位号 状态 备注
1 0517495   205174951   第二样本阅览室/ [索取号:U483/152] 在馆    
唐山师范学院图书馆 欢迎您!
大连网信软件有限公司© 版权所有